000 00735cam a2200277 4500
001 J84144
008 090401t1998 xxu||||| |||| 00| 0 eng d
035 _a(Sirsi) u78532
041 _aeng
050 _a338.20212
110 _aHenry Butcher Smith Vincent
_93485
245 _aAnnual report : minerals, waste disposal and price statistics 1997.
260 _aLondon
_bHenry Butcher Smith Vincent
_c1998
300 _a1v. (loose-leaf) ; 30cm.
350 _a100
650 _aAGGREGATES
650 _aCOAL MINING
650 _aMINERALS STATISTICS
650 _aMINERALS
650 _aMINING
650 _aSTATISTICS
650 _aWASTE DISPOSAL
690 _aMINING AND MINERALS
942 _n0
948 _c22/05/1997
999 _c96459
_d96459